[Event "VIII Open Vallee d'Aoste A"]
[Site "Saint Vincent - Chatillon ITA"]
[Date "2000.02.15"]
[Round "4"]
[White "Safranska, Anda"]
[Black "Flear, Glenn Curtis"]
[Result "1-0"]
[WhiteElo "2367"]
[BlackElo "2519"]
[PlyCount "113"]
[EventDate "2000.02.12"]

1. e4 e5 2. Nf3 d6 3. d4 exd4 4. Nxd4 g6 5. Nc3 Bg7 6. g3 Nc6 7. Be3 Nf6 8. h3
O-O 9. Bg2 Re8 10. O-O Bd7 11. Nde2 b5 12. a3 a5 13. g4 b4 14. axb4 axb4 15.
Rxa8 Qxa8 16. Nd5 Nxd5 17. exd5 Ne5 18. b3 Bb5 19. Re1 Bxe2 20. Qxe2 Qb7 21.
Bd2 Rb8 22. f4 Nd7 23. Qc4 Kf8 24. Kh1 Nc5 25. Qe2 Bc3 26. Bxc3 bxc3 27. Qe7+
Kg8 28. Qf6 Qb4 29. Re7 Rf8 30. Rxc7 Ne4 31. Qh4 Qd4 32. Qe1 Nf2+ 33. Kh2 Qd2
34. Re7 Qxc2 35. Re2 Nxg4+ 36. hxg4 Qxb3 37. Qg3 Qc4 38. Rc2 Rc8 39. Qe3 Qb3
40. Be4 Rc4 41. Kg3 Qa4 42. Bd3 Rc8 43. f5 Re8 44. Qf4 Qa7 45. Kh2 Re1 46. Rf2
Qe7 47. f6 Qf8 48. Be4 h6 49. Kg2 Kh7 50. Bc2 Re5 51. Qc4 Rg5 52. Rf4 Qa8 53.
Be4 h5 54. Qxc3 hxg4 55. Kg3 Rh5 56. Rxg4 Qa2 57. Bxg6+ 1-0

[Event "VIII Open Vallee d'Aoste A"]
[Site "Saint Vincent - Chatillon ITA"]
[Date "2000.02.16"]
[Round "5"]
[White "Bellia, Fabrizio"]
[Black "De La Villa Garcia, Jesus Maria"]
[Result "0-1"]
[WhiteElo "2321"]
[BlackElo "2460"]
[PlyCount "88"]
[EventDate "2000.02.12"]

1. e4 c5 2. Nf3 Nc6 3. d4 cxd4 4. Nxd4 Nf6 5. Nc3 d6 6. Be2 g6 7. O-O Bg7 8.
Be3 O-O 9. Qd2 Bd7 10. f3 Rc8 11. a4 Na5 12. Ndb5 a6 13. Na3 Qc7 14. Rab1 Rb8
15. b4 Nc6 16. Nd5 Nxd5 17. exd5 Ne5 18. a5 Bf5 19. Rbc1 h5 20. c4 Kh7 21. Rfd1
Qd7 22. c5 Rfc8 23. c6 bxc6 24. Bxa6 Rc7 25. dxc6 Rxc6 26. Rxc6 Qxc6 27. Be2
Qa4 28. a6 Qxa3 29. b5 Nd7 30. Bd4 Bh6 31. f4 e5 32. Ra1 Bxf4 33. Rxa3 Bxd2 34.
Bf2 Be4 35. a7 Rc8 36. b6 Bb7 37. Ra1 d5 38. h4 d4 39. Ba6 Bxa6 40. Rxa6 Rc1+
41. Kh2 Nxb6 42. Rxb6 Ra1 43. Bg3 Rxa7 44. Bxe5 Rd7 0-1

[Event "VIII Open Vallee d'Aoste A"]
[Site "Saint Vincent - Chatillon ITA"]
[Date "2000.02.16"]
[Round "5"]
[White "Blasco, Domenico"]
[Black "Calzetta Ruiz, Monica"]
[Result "0-1"]
[WhiteElo "2092"]
[BlackElo "2267"]
[PlyCount "90"]
[EventDate "2000.02.12"]

1. d4 Nf6 2. e3 c5 3. Nf3 b6 4. b3 g6 5. Bb2 Bg7 6. Be2 Bb7 7. Nbd2 O-O 8. O-O
d6 9. c4 Nbd7 10. Qc2 cxd4 11. Bxd4 Rc8 12. Qb2 Nc5 13. Ne1 Ne6 14. Bc3 b5 15.
Bf3 Qb6 16. Bxb7 Qxb7 17. Rc1 b4 18. Bxf6 Bxf6 19. Qb1 Bg7 20. Nef3 Rc5 21. Ne4
Ra5 22. Rfd1 h6 23. Rd2 Kh7 24. Rcd1 Qa6 25. Nd4 Nxd4 26. exd4 f5 27. Ng3 f4
28. Nh5 Rxh5 29. Qe4 Rf7 30. f3 Qc8 31. Re1 Qf5 32. Qb7 Qg5 33. Red1 Qh4 34. h3
Qg3 35. Kf1 Ra5 36. Qxb4 Rg5 37. Qc3 e5 38. dxe5 Bxe5 39. Qd3 Qh2 40. Qd5 Qh1+
41. Ke2 Rxg2+ 42. Kd3 Rxd2+ 43. Rxd2 Qb1+ 44. Ke2 Re7 45. Kf2 Bd4+ 0-1

[Event "VIII Open Vallee d'Aoste A"]
[Site "Saint Vincent - Chatillon ITA"]
[Date "2000.02.16"]
[Round "5"]
[White "Bonazzi, Edoardo"]
[Black "Lipinsky, Fabian"]
[Result "1-0"]
[WhiteElo "2060"]
[BlackElo "2313"]
[PlyCount "123"]
[EventDate "2000.02.12"]

1. e4 c5 2. Nf3 d6 3. c3 Nf6 4. Be2 Bd7 5. d3 Bc6 6. Nbd2 Nbd7 7. O-O g6 8. Re1
Bg7 9. Bf1 Ne5 10. Nxe5 dxe5 11. Nc4 Nd7 12. a4 O-O 13. b4 cxb4 14. cxb4 b6 15.
Bb2 Qb8 16. d4 exd4 17. Bxd4 Bxd4 18. Qxd4 Rd8 19. Qb2 a6 20. a5 b5 21. Nd2 Ne5
22. Nb3 Ng4 23. g3 Ne5 24. Qc3 Bd7 25. Rad1 Rc8 26. Nc5 Be6 27. Qe3 Qa7 28. Qf4
Nd7 29. Nxe6 fxe6 30. Bh3 Nf8 31. Qe5 Rc6 32. Rd3 Qc7 33. Qxc7 Rxc7 34. Red1
Kf7 35. e5 Ke8 36. Bg2 Rac8 37. Bh3 Rc4 38. Rd4 Rxd4 39. Rxd4 Rd8 40. Rxd8+
Kxd8 41. f4 Kc7 42. Kf2 Kc6 43. Bg2+ Kc7 44. Ke3 Nd7 45. Kd4 Nb8 46. Bh3 Nc6+
47. Kc5 Nd8 48. Bg4 Nb7+ 49. Kd4 Nd8 50. Bf3 Nc6+ 51. Kc5 Nd8 52. g4 Nb7+ 53.
Kd4 Nd8 54. h4 Nc6+ 55. Kc5 Nb8 56. g5 Nd7+ 57. Kd4 Nf8 58. Be4 Nd7 59. h5 gxh5
60. Bxh7 Kd8 61. Bg6 h4 62. Ke4 1-0

[Event "VIII Open Vallee d'Aoste A"]
[Site "Saint Vincent - Chatillon ITA"]
[Date "2000.02.16"]
[Round "5"]
[White "Borg, Geoffrey"]
[Black "Ciuffoletti, Paolo"]
[Result "1/2-1/2"]
[WhiteElo "2374"]
[BlackElo "2168"]
[PlyCount "89"]
[EventDate "2000.02.12"]

1. d4 g6 2. c4 Bg7 3. Nc3 d6 4. e4 Nc6 5. d5 Nd4 6. Be3 c5 7. Nge2 Qb6 8. Na4
Qa5+ 9. Bd2 Qa6 10. Nxd4 Bxd4 11. Nc3 Qb6 12. Bd3 Bd7 13. Qc2 Bg7 14. O-O Nf6
15. f4 e6 16. dxe6 Bxe6 17. Kh1 O-O 18. b3 Rae8 19. Rae1 Qd8 20. Be2 Bd7 21.
Bf3 Bc6 22. Be3 Nd7 23. Rd1 Qc7 24. Nd5 Bxd5 25. Rxd5 f5 26. e5 dxe5 27. Rfd1
Rf7 28. fxe5 Bxe5 29. Qd2 Ree7 30. h3 b6 31. Bg5 Bf6 32. Rd6 Bxg5 33. Qxg5 Kg7
34. Rc6 Qe5 35. Bd5 Rf6 36. Rc8 Re8 37. Rxe8 Qxe8 38. Qf4 Qe7 39. Qc7 Rd6 40.
Qxa7 Qe2 41. Rg1 Kh6 42. Qc7 Qe5 43. Qd8 Qf6 44. Qe8 Qf8 45. Qxf8+ 1/2-1/2

[Event "VIII Open Vallee d'Aoste A"]
[Site "Saint Vincent - Chatillon ITA"]
[Date "2000.02.16"]
[Round "5"]
[White "Braga, Fernando Alberto"]
[Black "Olarasu, Gabriela"]
[Result "1-0"]
[WhiteElo "2449"]
[BlackElo "2321"]
[PlyCount "79"]
[EventDate "2000.02.12"]

1. e4 e5 2. Nf3 Nc6 3. Bb5 a6 4. Ba4 Nf6 5. d4 exd4 6. O-O Be7 7. Re1 b5 8. Bb3
d6 9. Bd5 Bb7 10. Nxd4 Nxd5 11. Nxc6 Bxc6 12. exd5 Bb7 13. a4 O-O 14. axb5 axb5
15. Rxa8 Bxa8 16. Qe2 Bf6 17. Qxb5 c6 18. dxc6 Qc7 19. Bf4 Bxc6 20. Qd3 Qb7 21.
b3 Bxg2 22. Nd2 h5 23. f3 Bh3 24. Ne4 Bh4 25. Rd1 d5 26. Qxd5 Qb6+ 27. Kh1 Rd8
28. Bd6 Be6 29. Qd4 Qa6 30. Rg1 g6 31. Qe5 Kh7 32. h3 Bf5 33. Qf4 Qa8 34. c4
Rd7 35. c5 Bd8 36. Kh2 Qd5 37. Rg2 Qxb3 38. c6 Qc4 39. Ng5+ Bxg5 40. Qxc4 1-0

[Event "VIII Open Vallee d'Aoste A"]
[Site "Saint Vincent - Chatillon ITA"]
[Date "2000.02.16"]
[Round "5"]
[White "Cebalo, Miso"]
[Black "Richter, Michael"]
[Result "1/2-1/2"]
[WhiteElo "2537"]
[BlackElo "2402"]
[PlyCount "104"]
[EventDate "2000.02.12"]

1. c4 e6 2. Nc3 d5 3. cxd5 exd5 4. d4 c6 5. Bf4 Bd6 6. Bg3 Nh6 7. e3 O-O 8. Bd3
Bf5 9. Nge2 a5 10. Qc2 Bg6 11. h3 Bxg3 12. Nxg3 Nd7 13. a3 Bxd3 14. Qxd3 f5 15.
Nge2 a4 16. Qc2 b5 17. Na2 Rc8 18. Nb4 Nb6 19. b3 axb3 20. Qxb3 Qd6 21. O-O Kh8
22. Nd3 Nf7 23. Rfc1 g5 24. Qb4 Qf6 25. Ra2 Nd6 26. Ne5 Ndc4 27. a4 bxa4 28.
Rxc4 Nxc4 29. Nd7 Qf7 30. Nxf8 a3 31. Nxh7 Kxh7 32. Rxa3 Nxa3 33. Qxa3 Qe6 34.
Kf1 Rc7 35. Ng1 Qe4 36. Nf3 Qb1+ 37. Ke2 Qc2+ 38. Nd2 c5 39. dxc5 Qxc5 40. Qd3
Rf7 41. Nf3 Kh6 42. Ne5 Rc7 43. Qxf5 Qc2+ 44. Qxc2 Rxc2+ 45. Kf3 Kg7 46. Kg3
Kf6 47. Nf3 Ra2 48. h4 gxh4+ 49. Nxh4 Ke5 50. Nf3+ Ke4 51. Ng5+ Ke5 52. Nf3+
Ke4 1/2-1/2

[Event "VIII Open Vallee d'Aoste A"]
[Site "Saint Vincent - Chatillon ITA"]
[Date "2000.02.16"]
[Round "5"]
[White "Dervishi, Erald"]
[Black "Vujovic, Milorad"]
[Result "1-0"]
[WhiteElo "2478"]
[BlackElo "2316"]
[PlyCount "92"]
[EventDate "2000.02.12"]

1. e4 c5 2. Nf3 e6 3. d4 cxd4 4. Nxd4 Nf6 5. Nc3 d6 6. Be2 a6 7. a4 Qc7 8. O-O
b6 9. f4 Bb7 10. Bf3 Nbd7 11. Kh1 Nc5 12. Qe1 Rd8 13. f5 e5 14. Nd5 Nxd5 15.
exd5 Be7 16. Nc6 Bxc6 17. dxc6 e4 18. Bxe4 Nxe4 19. Qxe4 d5 20. Qg4 Qxc6 21.
Qxg7 Qf6 22. Qg3 Kd7 23. Qd3 Qc6 24. f6 Bd6 25. Bf4 Rhg8 26. Qxh7 d4 27. Qxf7+
Kc8 28. Qe6+ Kb7 29. Qe2 Bc5 30. Qf3 Rg6 31. Qxc6+ Kxc6 32. f7 Rf8 33. Bd2 Re6
34. Rae1 Kd7 35. Rxe6 Kxe6 36. g4 Rxf7 37. Rxf7 Kxf7 38. Kg2 Ke6 39. Kf3 Kd5
40. h4 Be7 41. h5 Ke5 42. Bf4+ Ke6 43. Ke4 Bf6 44. g5 Bh8 45. h6 d3 46. cxd3
Bxb2 1-0

[Event "VIII Open Vallee d'Aoste A"]
[Site "Saint Vincent - Chatillon ITA"]
[Date "2000.02.16"]
[Round "5"]
[White "Dittmar, Peter"]
[Black "Chatalbashev, Boris"]
[Result "1/2-1/2"]
[WhiteElo "2308"]
[BlackElo "2522"]
[PlyCount "58"]
[EventDate "2000.02.12"]

1. c4 b6 2. e4 Bb7 3. Nc3 e6 4. g3 Bb4 5. Nge2 f5 6. Bg2 Nf6 7. d3 fxe4 8. O-O
O-O 9. dxe4 Nc6 10. h3 Bc5 11. e5 Ne8 12. Na4 Be7 13. Nd4 Nxd4 14. Bxb7 c5 15.
Be3 Rb8 16. Bg2 Nf5 17. Qd3 d6 18. exd6 Qxd6 19. Rad1 Qxd3 20. Rxd3 Ned6 21. b3
Bf6 22. Re1 Nxe3 23. Rexe3 Bd4 24. Rxe6 Bxf2+ 25. Kh2 Nf5 26. Nc3 Bd4 27. Nd5
Kh8 28. Be4 g6 29. Rf3 Ng7 1/2-1/2

[Event "VIII Open Vallee d'Aoste A"]
[Site "Saint Vincent - Chatillon ITA"]
[Date "2000.02.16"]
[Round "5"]
[White "Dorfman, Iossif D."]
[Black "Franco Ocampos, Zenon"]
[Result "1/2-1/2"]
[WhiteElo "2593"]
[BlackElo "2511"]
[PlyCount "56"]
[EventDate "2000.02.12"]

1. d4 d5 2. c4 c6 3. Nc3 Nf6 4. e3 a6 5. Qc2 e6 6. Nf3 c5 7. cxd5 exd5 8. Be2
Nc6 9. O-O Be6 10. dxc5 Bxc5 11. Rd1 Qe7 12. Nd4 O-O 13. Nxc6 bxc6 14. b3 Bd6
15. Bb2 Ng4 16. h3 Nh6 17. e4 Qg5 18. Rd3 d4 19. Na4 c5 20. Bf1 Rac8 21. Nb6
Rc6 22. Nc4 Bb8 23. Re1 f5 24. Rf3 f4 25. Na5 Rb6 26. Nc4 Rc6 27. Nd2 Rfc8 28.
e5 Nf7 1/2-1/2

[Event "VIII Open Vallee d'Aoste A"]
[Site "Saint Vincent - Chatillon ITA"]
[Date "2000.02.16"]
[Round "5"]
[White "Estremera Panos, Sergio"]
[Black "Caruso, Daniele"]
[Result "1-0"]
[WhiteElo "2353"]
[BlackElo "2126"]
[PlyCount "75"]
[EventDate "2000.02.12"]

1. d4 Nf6 2. c4 c5 3. d5 e6 4. Nc3 exd5 5. cxd5 d6 6. e4 g6 7. h3 Bg7 8. Nf3
O-O 9. Bd3 Nbd7 10. O-O a6 11. a4 Re8 12. Re1 Qc7 13. Be3 c4 14. Bc2 Rb8 15.
Ba7 Ra8 16. Bd4 Rb8 17. a5 b5 18. axb6 Nxb6 19. e5 Nfxd5 20. exd6 Rxe1+ 21.
Nxe1 Qxd6 22. Bxg7 Kxg7 23. Ne4 Qc7 24. Qd4+ Kg8 25. Nf3 Bb7 26. Ne5 Re8 27.
Ng4 Nd7 28. Ba4 Rxe4 29. Qxe4 N5f6 30. Nxf6+ Nxf6 31. Qd4 Nh5 32. Re1 Ng7 33.
Bd7 Qd8 34. Rd1 Qg5 35. Qg4 Qc5 36. Qf4 Qa7 37. Qc7 Qa8 38. Bg4 1-0

[Event "VIII Open Vallee d'Aoste A"]
[Site "Saint Vincent - Chatillon ITA"]
[Date "2000.02.16"]
[Round "5"]
[White "Flear, Glenn Curtis"]
[Black "Drabke, Lorenz Maximilian"]
[Result "1-0"]
[WhiteElo "2519"]
[BlackElo "2149"]
[PlyCount "79"]
[EventDate "2000.02.12"]

1. d4 c5 2. d5 g6 3. e4 Bg7 4. c4 d6 5. Nc3 Nf6 6. f4 O-O 7. Nf3 e6 8. Be2 exd5
9. cxd5 Bg4 10. O-O Nbd7 11. Re1 Re8 12. h3 Bxf3 13. Bxf3 a6 14. a4 c4 15. Be3
Qa5 16. Kh1 Nc5 17. Bxc5 Qxc5 18. e5 dxe5 19. fxe5 Nd7 20. Ne4 Qb4 21. e6 Ne5
22. exf7+ Nxf7 23. Bg4 Rad8 24. Be6 Rxe6 25. dxe6 Rxd1 26. exf7+ Kxf7 27. Raxd1
Bxb2 28. Rd7+ Ke6 29. Nc5+ Kf6 30. Re6+ Kg5 31. Ne4+ Kf5 32. Rde7 Bd4 33. Nd6+
Kg5 34. Kh2 Qb1 35. Nf7+ Kf5 36. Nd6+ Kg5 37. Nf7+ Kf5 38. Re1 Qc2 39. Rf1+ Bf2
40. Nd6+ 1-0

[Event "VIII Open Vallee d'Aoste A"]
[Site "Saint Vincent - Chatillon ITA"]
[Date "2000.02.16"]
[Round "5"]
[White "Friedrich, Norbert"]
[Black "Di Lao, Riccardo"]
[Result "1-0"]
[WhiteElo "2241"]
[BlackElo "1716"]
[PlyCount "47"]
[EventDate "2000.02.12"]

1. e4 e5 2. Nf3 Nc6 3. Bb5 a6 4. Ba4 Nf6 5. d4 b5 6. dxe5 Nxe4 7. Bb3 Nc5 8.
Bd5 Ne6 9. O-O Be7 10. Nc3 O-O 11. Re1 Bb7 12. Ne4 Na5 13. b3 Bxd5 14. Qxd5 Nc6
15. Bb2 Nb4 16. Qd2 d5 17. exd6 Bxd6 18. Rad1 Be7 19. Qc3 Nd5 20. Qe5 c6 21. c4
Bb4 22. Rf1 Re8 23. cxd5 f6 24. Qg3 1-0

[Event "VIII Open Vallee d'Aoste A"]
[Site "Saint Vincent - Chatillon ITA"]
[Date "2000.02.16"]
[Round "5"]
[White "Godena, Michele"]
[Black "Vezzosi, Paolo"]
[Result "1-0"]
[WhiteElo "2487"]
[BlackElo "2360"]
[PlyCount "53"]
[EventDate "2000.02.12"]

1. e4 e6 2. d4 d5 3. Nd2 Nf6 4. e5 Nfd7 5. Bd3 c5 6. c3 Nc6 7. Ne2 cxd4 8. cxd4
f6 9. exf6 Qxf6 10. Nf3 h6 11. O-O Bd6 12. Be3 O-O 13. Rc1 Rd8 14. Bb5 Ndb8 15.
Qd2 Bd7 16. Bf4 Be8 17. Bxd6 Rxd6 18. Ne5 a6 19. Ba4 Bg6 20. Nf4 Bh7 21. Rfe1
Ra7 22. Rc3 b5 23. Bd1 Ne7 24. Nh5 Qg5 25. Qe2 Nf5 26. Rc8+ Rd8 27. Nf3 1-0

[Event "VIII Open Vallee d'Aoste A"]
[Site "Saint Vincent - Chatillon ITA"]
[Date "2000.02.16"]
[Round "5"]
[White "Hernandez Estevez, Yudania"]
[Black "Pulito, Alberto"]
[Result "1-0"]
[WhiteElo "2310"]
[BlackElo "2090"]
[PlyCount "83"]
[EventDate "2000.02.12"]

1. e4 e6 2. d4 d5 3. Nc3 Nc6 4. Nf3 Nf6 5. Bg5 Be7 6. e5 Ne4 7. Bxe7 Qxe7 8. a3
O-O 9. Bd3 Nxc3 10. bxc3 f6 11. Qe2 fxe5 12. Nxe5 Nxe5 13. Qxe5 Qf6 14. Qe3 Bd7
15. O-O c5 16. dxc5 e5 17. c4 d4 18. Qe4 g6 19. Rae1 Rae8 20. Re2 Bc6 21. Qg4
Kg7 22. Be4 Qe7 23. Rfe1 Qxc5 24. h4 Bxe4 25. Qxe4 Qxc4 26. h5 Qc7 27. Qh4 Rf4
28. h6+ Kf7 29. Qxf4+ exf4 30. Rxe8 Qxc2 31. R8e7+ Kf6 32. Rxh7 d3 33. Rd7 d2
34. Rf1 g5 35. h7 Qc8 36. Rxd2 Kg6 37. Rd7 g4 38. Rc7 Qh8 39. Rfc1 a6 40. Rxb7
a5 41. Rb5 Kg7 42. Rc7+ 1-0

[Event "VIII Open Vallee d'Aoste A"]
[Site "Saint Vincent - Chatillon ITA"]
[Date "2000.02.16"]
[Round "5"]
[White "Komarov, Dimitri"]
[Black "Romanishin, Oleg M."]
[Result "1/2-1/2"]
[WhiteElo "2568"]
[BlackElo "2578"]
[PlyCount "73"]
[EventDate "2000.02.12"]

1. d4 Nf6 2. c4 d6 3. Nc3 e5 4. Nf3 e4 5. Ng5 Bf5 6. g4 Nxg4 7. Ngxe4 c6 8. h3
Nf6 9. Nxf6+ Qxf6 10. e4 Bg6 11. h4 h6 12. Be3 Qd8 13. h5 Bh7 14. Qf3 Nd7 15.
O-O-O Qa5 16. Rg1 f6 17. Bh3 O-O-O 18. c5 Kb8 19. cxd6 Nb6 20. Bf4 Nc4 21. e5
Qb4 22. Qe2 fxe5 23. Bxe5 Bxd6 24. Bxd6+ Nxd6 25. Rxg7 Rhe8 26. Re7 Ne4 27.
Rxe4 Bxe4 28. Nxe4 Rxd4 29. Rxd4 Qxd4 30. f3 Qd5 31. Bg4 Qxa2 32. Qd3 Ka8 33.
Kc2 Qa4+ 34. Qb3 Qa5 35. Qc3 Qa4+ 36. Qb3 Qa5 37. Qc3 1/2-1/2

[Event "VIII Open Vallee d'Aoste A"]
[Site "Saint Vincent - Chatillon ITA"]
[Date "2000.02.16"]
[Round "5"]
[White "Lazarev, Vladimir"]
[Black "Nevednichy, Vladislav"]
[Result "1-0"]
[WhiteElo "2493"]
[BlackElo "2589"]
[PlyCount "111"]
[EventDate "2000.02.12"]

1. d4 Nf6 2. c4 g6 3. Nc3 Bg7 4. e4 d6 5. h3 O-O 6. Bg5 Na6 7. Nf3 Qe8 8. g4 e5
9. d5 Nd7 10. Rg1 Kh8 11. Be2 Ndc5 12. a3 f5 13. gxf5 gxf5 14. exf5 Bxf5 15.
Nh4 e4 16. Nxf5 Rxf5 17. Be3 Qe5 18. Kd2 Raf8 19. Rg2 c6 20. Kc2 cxd5 21. Qxd5
Nc7 22. Qxe5 Bxe5 23. Rag1 a5 24. b4 axb4 25. axb4 N5e6 26. Bg4 R5f7 27. Bxe6
Nxe6 28. Nxe4 Rc8 29. Kb3 Rf3 30. Rd1 Nd4+ 31. Rxd4 Bxd4 32. Ng5 Rcf8 33. Nxf3
Rxf3 34. Ka4 Bxe3 35. fxe3 Rxe3 36. Rd2 Re6 37. Rd5 Kg7 38. Kb5 Kf7 39. Kb6 Re4
40. Rxd6 Rxc4 41. b5 Rc3 42. h4 Rh3 43. Rd4 Rb3 44. Rd5 Rh3 45. h5 Ke6 46. Rg5
h6 47. Rg6+ Kd5 48. Rxh6 Kc4 49. Rh7 Kb4 50. Rxb7 Rxh5 51. Ka6 Ka4 52. Rb8 Rg5
53. b6 Ra5+ 54. Kb7 Rh5 55. Rg8 Ka5 56. Ka7 1-0

[Event "VIII Open Vallee d'Aoste A"]
[Site "Saint Vincent - Chatillon ITA"]
[Date "2000.02.16"]
[Round "5"]
[White "Loncar, Robert"]
[Black "Davies, Nigel R."]
[Result "1/2-1/2"]
[WhiteElo "2406"]
[BlackElo "2497"]
[PlyCount "30"]
[EventDate "2000.02.12"]

1. d4 Nf6 2. c4 g6 3. Nc3 d5 4. Bg5 Bg7 5. e3 c5 6. cxd5 Nxd5 7. Bb5+ Bd7 8.
Bxd7+ Qxd7 9. Qb3 Nxc3 10. bxc3 O-O 11. Nf3 Nc6 12. O-O cxd4 13. cxd4 Rfc8 14.
Rab1 b6 15. Qb5 e6 1/2-1/2

[Event "VIII Open Vallee d'Aoste A"]
[Site "Saint Vincent - Chatillon ITA"]
[Date "2000.02.16"]
[Round "5"]
[White "Martorelli, Antonio"]
[Black "Di Lazzaro, Gabriele"]
[Result "1-0"]
[WhiteElo "2271"]
[BlackElo "1905"]
[PlyCount "120"]
[EventDate "2000.02.12"]

1. e4 c5 2. Nf3 a6 3. c3 e6 4. d4 cxd4 5. cxd4 d5 6. e5 Nc6 7. Nc3 Bd7 8. Bd3
Qb6 9. Bb1 Rc8 10. O-O f5 11. Re1 Nge7 12. a3 Na5 13. Na4 Qb3 14. Nc5 Qxd1 15.
Rxd1 b6 16. Nxd7 Kxd7 17. Ba2 Ng6 18. h4 h5 19. Bg5 Be7 20. Bxe7 Nxe7 21. Ng5
Rhf8 22. Nf3 Rc2 23. Rab1 Rfc8 24. Ne1 R2c7 25. Nd3 Ng6 26. g3 Nc6 27. Ne1 f4
28. Bb3 Na5 29. Ba2 fxg3 30. fxg3 Ne7 31. Kh2 Nf5 32. Kh3 Nc4 33. Rd3 Nce3 34.
Nf3 Rc1 35. Rc3 Rxb1 36. Bxb1 Rc4 37. Bxf5 Nxf5 38. g4 hxg4+ 39. Kxg4 Rxc3 40.
bxc3 Ke7 41. Kf4 Kd7 42. h5 Ke7 43. Ne1 Kf7 44. Nc2 g6 45. hxg6+ Kxg6 46. Nb4
a5 47. Nc6 Kf7 48. Na7 Ne7 49. Kg5 a4 50. Nb5 Nf5 51. Kf4 Ne7 52. Nc7 Nc8 53.
Kg5 Ke7 54. Nb5 Kf7 55. Kh6 Ke7 56. Kg7 Kd7 57. Kf7 Ne7 58. Nc7 Nf5 59. Nxe6
Ne3 60. Nf4 Nf5 1-0

[Event "VIII Open Vallee d'Aoste A"]
[Site "Saint Vincent - Chatillon ITA"]
[Date "2000.02.16"]
[Round "5"]
[White "Mrdja, Milan"]
[Black "Trabert, Bettina"]
[Result "1/2-1/2"]
[WhiteElo "2425"]
[BlackElo "2273"]
[PlyCount "94"]
[EventDate "2000.02.12"]

1. e4 e5 2. Nf3 Nc6 3. Bb5 a6 4. Ba4 Nf6 5. O-O Be7 6. Re1 b5 7. Bb3 d6 8. c3
O-O 9. h3 Nb8 10. d4 Nbd7 11. Nbd2 Bb7 12. Bc2 Re8 13. b4 Bf8 14. a4 g6 15. Bd3
c6 16. Bb2 Nb6 17. Bc2 Qc7 18. a5 Nbd7 19. Rb1 Bg7 20. c4 exd4 21. cxb5 cxb5
22. Bxd4 Nh5 23. Be3 d5 24. exd5 Bxd5 25. Bb3 Bxb3 26. Nxb3 Rac8 27. Rc1 Qb7
28. Rxc8 Qxc8 29. Nc5 Nxc5 30. Bxc5 Rxe1+ 31. Qxe1 Nf4 32. Qe4 Ne6 33. Be3 h5
34. g3 Bf8 35. Ne5 Nd8 36. Qd5 Ne6 37. Nc6 Nc7 38. Qe5 Ne6 39. Qe4 Qb7 40. Qd5
Kh7 41. g4 hxg4 42. hxg4 Kg8 43. Kf1 Qc7 44. Qe4 Qd7 45. Ke2 Bg7 46. f4 f5 47.
gxf5 gxf5 1/2-1/2

[Event "VIII Open Vallee d'Aoste A"]
[Site "Saint Vincent - Chatillon ITA"]
[Date "2000.02.16"]
[Round "5"]
[White "Nelli, Luca"]
[Black "Pantaleoni, Claudio"]
[Result "0-1"]
[WhiteElo "1936"]
[BlackElo "2203"]
[PlyCount "46"]
[EventDate "2000.02.12"]

1. c4 c5 2. Nc3 g6 3. g3 Bg7 4. Bg2 Nc6 5. e3 e6 6. Nge2 Nge7 7. d4 cxd4 8.
exd4 d5 9. cxd5 Nxd5 10. Nxd5 exd5 11. Qb3 O-O 12. O-O Nxd4 13. Nxd4 Bxd4 14.
Bh6 Re8 15. Rad1 Bg7 16. Bxg7 Kxg7 17. Bxd5 Qf6 18. Rfe1 Rf8 19. Rd3 Bf5 20.
Rc3 Rae8 21. Rxe8 Rxe8 22. Rc7 Bh3 23. Qd1 Qe5 0-1

[Event "VIII Open Vallee d'Aoste A"]
[Site "Saint Vincent - Chatillon ITA"]
[Date "2000.02.16"]
[Round "5"]
[White "Razuvaev, Yuri S."]
[Black "Borgo, Giulio"]
[Result "1-0"]
[WhiteElo "2548"]
[BlackElo "2382"]
[PlyCount "51"]
[EventDate "2000.02.12"]

1. d4 Nf6 2. Nf3 d5 3. c4 e6 4. g3 Bb4+ 5. Bd2 Be7 6. Bg2 O-O 7. O-O Nbd7 8.
Qc2 c6 9. Bf4 b6 10. Rd1 Ba6 11. Ne5 Qc8 12. cxd5 Nxe5 13. d6 Ng6 14. dxe7 Nxe7
15. e4 Rd8 16. Nc3 c5 17. dxc5 Qxc5 18. Bd6 Rxd6 19. Rxd6 Ned5 20. exd5 Qxd6
21. dxe6 Rf8 22. exf7+ Rxf7 23. Rd1 Qc7 24. Qa4 Qc4 25. Qa3 Qc8 26. Bh3 1-0

[Event "VIII Open Vallee d'Aoste A"]
[Site "Saint Vincent - Chatillon ITA"]
[Date "2000.02.16"]
[Round "5"]
[White "Scavo, Fernando"]
[Black "Antoniacci, Riccardo"]
[Result "1-0"]
[WhiteElo "2259"]
[BlackElo "1825"]
[PlyCount "39"]
[EventDate "2000.02.12"]

1. e4 c5 2. c3 d5 3. exd5 Qxd5 4. d4 Nc6 5. Nf3 Bg4 6. Be2 e6 7. O-O Nf6 8. h3
Bh5 9. Be3 cxd4 10. cxd4 Be7 11. Nc3 Qd7 12. Qb3 O-O 13. Rfd1 Na5 14. Qc2 Nd5
15. Ne5 Nxe3 16. fxe3 Bg6 17. Qxg6 Qc7 18. Qh5 f6 19. Bd3 f5 20. Rac1 1-0

[Event "VIII Open Vallee d'Aoste A"]
[Site "Saint Vincent - Chatillon ITA"]
[Date "2000.02.16"]
[Round "5"]
[White "Schaefer, Michael"]
[Black "Arlandi, Ennio"]
[Result "1/2-1/2"]
[WhiteElo "2215"]
[BlackElo "2448"]
[PlyCount "93"]
[EventDate "2000.02.12"]

1. d4 f5 2. Bg5 c6 3. Nc3 Qb6 4. Qd2 h6 5. Bf4 d6 6. f3 Nd7 7. e4 e5 8. Be3 f4
9. Bf2 Qxb2 10. Rb1 Qa3 11. Bc4 Ngf6 12. Nge2 Qa5 13. O-O Qc7 14. a4 b6 15.
Rfe1 g5 16. Qd3 Be7 17. Bb3 Bb7 18. a5 b5 19. d5 c5 20. Qxb5 a6 21. Qd3 Qxa5
22. Ra1 Qc7 23. Bc4 Nb6 24. Bxa6 c4 25. Bb5+ Kf7 26. Qd2 Nfd7 27. Rab1 Nc5 28.
Rb4 Rhb8 29. Reb1 Bd8 30. Qc1 Qc8 31. Qf1 Ra3 32. g4 Kg7 33. Qh3 Be7 34. Bc6
Bxc6 35. dxc6 Qxc6 36. Nd5 Bd8 37. Nec3 Rb7 38. Qf1 Nbd7 39. Qxc4 Rxb4 40. Qxb4
Qa8 41. Kg2 Ra1 42. Rxa1 Qxa1 43. Nb5 Qa2 44. Nxd6 Qxc2 45. Qb5 Qa4 46. Qe2 Qb3
47. Qc4 1/2-1/2

[Event "VIII Open Vallee d'Aoste A"]
[Site "Saint Vincent - Chatillon ITA"]
[Date "2000.02.16"]
[Round "5"]
[White "Sedina, Elena"]
[Black "Bozzali, Ermanno"]
[Result "1-0"]
[WhiteElo "2419"]
[BlackElo "2061"]
[PlyCount "68"]
[EventDate "2000.02.12"]

1. e4 c5 2. Nf3 d6 3. c3 Nf6 4. Bc4 e6 5. Qe2 Be7 6. d4 cxd4 7. cxd4 d5 8. exd5
exd5 9. Bb5+ Bd7 10. Ne5 Qa5+ 11. Nc3 Bxb5 12. Qxb5+ Qxb5 13. Nxb5 Na6 14. O-O
O-O 15. Bg5 Rfd8 16. Rac1 h6 17. Bh4 g5 18. Bg3 Bb4 19. Nc6 Rd7 20. a3 Bd2 21.
Rc2 Ne4 22. Ne5 Re7 23. b4 f5 24. Nf3 Bxb4 25. axb4 f4 26. Rb1 fxg3 27. hxg3
Kg7 28. Ne5 h5 29. Kh2 Rf8 30. f3 Nf6 31. Nd6 Nd7 32. b5 Nxe5 33. dxe5 Nc7 34.
Nxb7 Ne6 1-0

[Event "VIII Open Vallee d'Aoste A"]
[Site "Saint Vincent - Chatillon ITA"]
[Date "2000.02.16"]
[Round "5"]
[White "Wagman, Stuart"]
[Black "Diotallevi, Maurizio"]
[Result "1/2-1/2"]
[WhiteElo "2188"]
[BlackElo "1921"]
[PlyCount "38"]
[EventDate "2000.02.12"]

1. e4 e6 2. d4 d5 3. Nd2 c5 4. exd5 Qxd5 5. Ngf3 cxd4 6. Bc4 Qd6 7. O-O Nf6 8.
Nb3 Nc6 9. Nbxd4 Nxd4 10. Nxd4 a6 11. c3 Qc7 12. Bb3 Bd6 13. Qf3 Bxh2+ 14. Kh1
Bd6 15. Bg5 Be7 16. Rfe1 O-O 17. Bf4 Bd6 18. Bg5 Be7 19. Bf4 Bd6 1/2-1/2